[Event "26th open TETEVEN"]
[Site "Teteven"]
[Date "2011.08.17"]
[Round "5.21"]
[White "Stefanov, Emil"]
[Black "Petrov, Martin"]
[Result "0-1"]
[WhiteElo "1702"]
[BlackElo "1933"]
[PlyCount "84"]
[EventDate "2011.08.??"]
[EventType "swiss"]
[EventRounds "9"]
[EventCountry "BUL"]

1. d4 Nf6 2. c4 e6 3. Nf3 b6 4. a3 Bb7 5. Nc3 d5 6. cxd5 exd5 7. g3 Be7 8. Bg2
O-O 9. O-O c5 10. Bf4 Na6 11. Qc2 Nc7 12. Rad1 c4 13. Ne5 Qc8 14. f3 b5 15. e4
Rd8 16. Be3 Bf8 17. Ne2 Nce8 18. Nf4 Nd6 19. Bh3 Qc7 20. Nxf7 Nxf7 21. Ne6 Qb6
22. Nxd8 Rxd8 23. Qf2 Bc8 24. Bg2 g6 25. e5 Ne8 26. f4 Ng7 27. h3 h5 28. Kh2
Qe6 29. Rg1 Be7 30. Bf1 g5 31. Qd2 g4 32. hxg4 Qxg4 33. Qe2 Nh6 34. Bf2 Bf5 35.
Rc1 Qg6 36. Bg2 Ng4+ 37. Kh1 Be4 38. Bf3 Bxf3+ 39. Qxf3 Qf5 40. Kg2 Ne6 41. Be3
Kf7 42. Kh1 Nxe3 0-1

[Event "26th open TETEVEN"]
[Site "Teteven"]
[Date "2011.08.17"]
[Round "5.29"]
[White "Yankov, Kristian"]
[Black "Kovachev, Radoslav"]
[Result "1-0"]
[WhiteElo "1867"]
[BlackElo "1616"]
[PlyCount "37"]
[EventDate "2011.08.??"]
[EventType "swiss"]
[EventRounds "9"]
[EventCountry "BUL"]

1. d4 Nf6 2. Nf3 g6 3. c4 d5 4. Nc3 Bg7 5. cxd5 Nxd5 6. e4 Nxc3 7. bxc3 O-O 8.
Be3 Nc6 9. Qd2 Bg4 10. Bh6 Bxf3 11. gxf3 e6 12. Bxg7 Kxg7 13. h4 h5 14. f4 f5
15. e5 Qd5 16. Rg1 Na5 17. Be2 Kh7 18. Qd3 c6 19. Qg3 {...} 1-0

[Event "26th open TETEVEN"]
[Site "Teteven"]
[Date "2011.08.18"]
[Round "6.1"]
[White "Andreev, Stanislav"]
[Black "Petkov, Vladimir"]
[Result "0-1"]
[WhiteElo "2154"]
[BlackElo "2490"]
[PlyCount "92"]
[EventDate "2011.08.??"]
[EventType "swiss"]
[EventRounds "9"]
[EventCountry "BUL"]

1. d4 Nf6 2. c4 e6 3. Nc3 Bb4 4. e3 O-O 5. Bd3 d5 6. Nf3 c5 7. O-O Nc6 8. a3
Bxc3 9. bxc3 Qc7 10. h3 Na5 11. cxd5 exd5 12. a4 c4 13. Bc2 Ne4 14. Bxe4 dxe4
15. Ne5 Be6 16. f3 f6 17. Ng4 Bd5 18. fxe4 Bxe4 19. Rf4 Qc6 20. Nf2 Bg6 21. e4
Rfe8 22. d5 Qc7 23. Qf3 Nb3 24. Rb1 Rad8 25. Qd1 Nc5 26. Qd4 Ne6 27. Qxa7 Nxf4
28. Rxb7 Ne2+ 29. Kf1 Qxb7 30. Qxb7 Nxc1 31. a5 Nd3 32. Qc7 Rc8 33. Qd7 Nc5 34.
Qb5 Nxe4 35. Nxe4 Bxe4 36. d6 Red8 37. Qb6 Bc6 38. Qd4 Ba8 39. Qb6 Be4 40. Kf2
Rd7 41. a6 f5 42. Ke3 Rcd8 43. Qd4 Rxd6 44. Qxc4+ Kh8 45. Qc7 R6d7 46. Qb6 Bxg2
0-1

[Event "26th open TETEVEN"]
[Site "Teteven"]
[Date "2011.08.18"]
[Round "6.2"]
[White "Bratanov, Zsivko"]
[Black "Ivanov, Stojan Lubomirov"]
[Result "0-1"]
[WhiteElo "2457"]
[BlackElo "2247"]
[PlyCount "64"]
[EventDate "2011.08.??"]
[EventType "swiss"]
[EventRounds "9"]
[EventCountry "BUL"]

1. e4 c5 2. Nf3 d6 3. d4 cxd4 4. Nxd4 Nf6 5. Nc3 a6 6. Be3 e5 7. Nf3 Qc7 8. a4
Be7 9. a5 Be6 10. Ng5 Bc4 11. Bxc4 Qxc4 12. Ra4 Qc8 13. O-O O-O 14. f4 Nbd7 15.
Qe2 exf4 16. Bxf4 Ne5 17. Kh1 Qc5 18. Be3 Qc6 19. Bd4 Rac8 20. Nf3 Nfd7 21.
Raa1 Bf6 22. Qf2 Nxf3 23. gxf3 Bxd4 24. Qxd4 f5 25. Rad1 fxe4 26. Rg1 Ne5 27.
fxe4 Rcd8 28. Nd5 Rf7 29. Rg2 Rdf8 30. Ne3 Rf4 31. Nf5 {Diagram #} R8xf5 32.
Qa7 Rf1+ 0-1

[Event "26th open TETEVEN"]
[Site "Teteven"]
[Date "2011.08.18"]
[Round "6.3"]
[White "Galunova, Tsveta"]
[Black "Enchev, Ivajlo"]
[Result "0-1"]
[WhiteElo "1977"]
[BlackElo "2435"]
[PlyCount "68"]
[EventDate "2011.08.??"]
[EventType "swiss"]
[EventRounds "9"]
[EventCountry "BUL"]

1. e4 d6 2. d4 Nf6 3. Nc3 g6 4. Nf3 Bg7 5. Bc4 c6 6. O-O b5 7. Bd3 b4 8. Ne2
O-O 9. h3 Bb7 10. c3 a5 11. a3 c5 12. axb4 axb4 13. Rxa8 Bxa8 14. cxb4 cxd4 15.
Nexd4 Nxe4 16. Qa4 Bd5 17. Re1 Nf6 18. Nd2 Nfd7 19. N4b3 Nc6 20. Be4 Bxe4 21.
Nxe4 Nce5 22. Bg5 Nd3 23. Re3 Nxb2 24. Qa6 Ne5 25. Na5 h6 26. Bh4 f5 27. Nb7
Qa8 28. Qxa8 Rxa8 29. Re2 fxe4 30. Rxb2 g5 31. Bg3 Nf3+ 32. gxf3 Bxb2 33. fxe4
Rb8 34. Na5 Rxb4 0-1

[Event "26th open TETEVEN"]
[Site "Teteven"]
[Date "2011.08.18"]
[Round "6.4"]
[White "Kozhuharov, Spas"]
[Black "Monev, Alexander"]
[Result "1-0"]
[WhiteElo "2431"]
[BlackElo "2135"]
[PlyCount "105"]
[EventDate "2011.08.??"]
[EventType "swiss"]
[EventRounds "9"]
[EventCountry "BUL"]

1. d4 d5 2. c4 e6 3. Nf3 c6 4. Qc2 Nf6 5. Bg5 Qa5+ 6. Bd2 Qc7 7. g3 Bd6 8. Nc3
Nbd7 9. c5 Be7 10. Bf4 Qd8 11. b4 a6 12. Bg2 O-O 13. O-O Re8 14. a4 Bf8 15. b5
Nh5 16. Bg5 f6 17. Bd2 f5 18. bxc6 bxc6 19. a5 g6 20. Na4 Bg7 21. Nb6 Nxb6 22.
cxb6 Bb7 23. Rac1 Rc8 24. e3 Qe7 25. Ne1 Nf6 26. Nd3 Nd7 27. Bb4 Qf7 28. Bd6 e5
29. dxe5 Nxe5 30. Nc5 Bf8 31. Nxb7 Qxb7 32. Bxe5 Rxe5 33. Rfd1 Ree8 34. Qb3 Kg7
35. Rc2 Red8 36. h4 h5 37. Bf1 Rd6 38. Qd3 Ra8 39. Rdc1 Kh6 40. Rc5 Kh7 41. Be2
Bg7 42. Kg2 Be5 43. Bf3 Qd7 44. Qc2 Rc8 45. Be2 Qb7 46. Bd3 Bg7 47. Qe2 Ra8 48.
Bc2 Bb2 49. Rb1 Ba3 50. Rc3 Bb4 51. Rxb4 d4 52. Rc5 Re8 53. Qd2 1-0

[Event "26th open TETEVEN"]
[Site "Teteven"]
[Date "2011.08.18"]
[Round "6.5"]
[White "Vladimirov, Ivo"]
[Black "Nikolov, Sasho"]
[Result "0-1"]
[WhiteElo "2086"]
[BlackElo "2412"]
[PlyCount "74"]
[EventDate "2011.08.??"]
[EventType "swiss"]
[EventRounds "9"]
[EventCountry "BUL"]

1. d4 d5 2. c4 dxc4 3. Qa4+ Nc6 4. Nf3 Nf6 5. e3 Nd7 6. Bxc4 Nb6 7. Ne5 e6 8.
Qc2 Nxe5 9. dxe5 Nxc4 10. Qxc4 Qd5 11. Qxd5 exd5 12. Nc3 c6 13. b3 Bb4 14. Bb2
O-O 15. O-O Bf5 16. Rac1 Rfe8 17. a3 Ba5 18. b4 Bb6 19. Na4 Bc7 20. f4 f6 21.
b5 Bd3 22. bxc6 b5 23. Rfd1 Bc4 24. Nc3 Bb6 25. Nxd5 Bxd5 26. Rxd5 Bxe3+ 27.
Kf1 Bxc1 28. Bxc1 Rac8 29. Rxb5 Rxc6 30. Bb2 Rc2 31. Bd4 Rd8 32. e6 Kf8 33.
Bc5+ Ke8 34. Ke1 a6 35. Ra5 Rd5 36. Bb4 Rxa5 37. Bxa5 Rxg2 0-1

[Event "26th open TETEVEN"]
[Site "Teteven"]
[Date "2011.08.18"]
[Round "6.6"]
[White "Galunov, Todor"]
[Black "Daskalov, Dimitar"]
[Result "1/2-1/2"]
[WhiteElo "2327"]
[BlackElo "2035"]
[PlyCount "62"]
[EventDate "2011.08.??"]
[EventType "swiss"]
[EventRounds "9"]
[EventCountry "BUL"]

1. Nf3 Nf6 2. g3 g6 3. Bg2 Bg7 4. c4 O-O 5. O-O c5 6. Nc3 Nc6 7. d3 d6 8. a3
Rb8 9. Rb1 Be6 10. b4 Ng4 11. Bd2 Nge5 12. Nxe5 Bxe5 13. bxc5 dxc5 14. Ne4 b6
15. Bh6 Bg7 16. Bxg7 Kxg7 17. Nxc5 bxc5 18. Bxc6 Qa5 19. Rb5 Qxa3 20. Qa1+ Qxa1
21. Rxa1 Rb6 22. Rxb6 axb6 23. Ra7 Rc8 24. Bb5 Kf8 25. Rb7 Ra8 26. Rxb6 Ra2 27.
Kf1 Bh3+ 28. Ke1 Ra1+ 29. Kd2 Ra2+ 30. Ke1 Ra1+ 31. Kd2 Ra2+ 1/2-1/2

[Event "26th open TETEVEN"]
[Site "Teteven"]
[Date "2011.08.18"]
[Round "6.7"]
[White "Pantev, Veselin"]
[Black "Daskalov, Emil"]
[Result "1-0"]
[WhiteElo "2377"]
[BlackElo "1951"]
[PlyCount "57"]
[EventDate "2011.08.??"]
[EventType "swiss"]
[EventRounds "9"]
[EventCountry "BUL"]

1. d4 Nf6 2. Nf3 c6 3. c4 d5 4. Qb3 e6 5. g3 Ne4 6. Bg2 Qa5+ 7. Nbd2 Bb4 8. a3
Na6 9. Rb1 Nxd2 10. Nxd2 Be7 11. O-O O-O 12. e4 dxe4 13. Nxe4 Rd8 14. Be3 Nc7
15. Nc5 Qb6 16. Qc2 Ne8 17. b4 Qc7 18. Rfd1 b6 19. Ne4 Bb7 20. Bf4 Qd7 21. a4
h6 22. a5 Rac8 {Diagram #} 23. Nc5 Bxc5 24. dxc5 Qe7 25. cxb6 axb6 26. axb6 c5
27. Rxd8 Rxd8 28. Bxb7 Qxb7 29. bxc5 1-0

[Event "26th open TETEVEN"]
[Site "Teteven"]
[Date "2011.08.18"]
[Round "6.8"]
[White "Todorov, Ognjan"]
[Black "Ninov, Dayan"]
[Result "1/2-1/2"]
[WhiteElo "2308"]
[BlackElo "2094"]
[PlyCount "58"]
[EventDate "2011.08.??"]
[EventType "swiss"]
[EventRounds "9"]
[EventCountry "BUL"]

1. d4 d5 2. Nf3 Nf6 3. c4 c6 4. Nc3 dxc4 5. e3 b5 6. a4 b4 7. Nb1 a5 8. Bxc4 e6
9. O-O Be7 10. Qc2 O-O 11. e4 Bb7 12. e5 Nd5 13. Bd3 h6 14. Nbd2 Nd7 15. Nb3
Qb6 16. Qe2 Ba6 17. Bxa6 Qxa6 18. Qe4 c5 19. Qg4 Kh7 20. dxc5 Nxc5 21. Nxc5
Bxc5 22. Qe4+ Kg8 23. Bd2 Rac8 24. Rac1 Bb6 25. Qg4 Kh7 26. Qe4+ Kg8 27. h4
Rxc1 28. Rxc1 Rc8 29. Rxc8+ Qxc8 1/2-1/2

[Event "26th open TETEVEN"]
[Site "Teteven"]
[Date "2011.08.18"]
[Round "6.15"]
[White "Bochev, Krasimir"]
[Black "Nikolov, Rumen"]
[Result "1/2-1/2"]
[WhiteElo "2130"]
[BlackElo "1819"]
[PlyCount "38"]
[EventDate "2011.08.??"]
[EventType "swiss"]
[EventRounds "9"]
[EventCountry "BUL"]

1. Nf3 b5 2. g3 Bb7 3. Bg2 Nf6 4. O-O e6 5. d4 d6 6. c4 bxc4 7. Qa4+ Nbd7 8.
Qxc4 Be7 9. Nc3 O-O 10. Bf4 c5 11. dxc5 d5 12. Qd4 Bxc5 13. Qd2 Nb6 14. Ne5 Bd6
15. Nb5 Bxe5 16. Bxe5 Nc4 17. Qd4 Nxe5 18. Qxe5 Qb6 19. a4 Ba6 1/2-1/2

[Event "26th open TETEVEN"]
[Site "Teteven"]
[Date "2011.08.18"]
[Round "6.18"]
[White "Vasilev, Vasil Iliev"]
[Black "Kavalski, Petko"]
[Result "1-0"]
[WhiteElo "1995"]
[BlackElo "1792"]
[PlyCount "41"]
[EventDate "2011.08.??"]
[EventType "swiss"]
[EventRounds "9"]
[EventCountry "BUL"]

1. e4 c5 2. Nf3 a6 3. d4 cxd4 4. Nxd4 Nf6 5. Nc3 e5 6. Nf3 Bb4 7. Bd2 Nc6 8.
Bd3 O-O 9. a3 Ba5 10. b4 Bc7 11. Bg5 h6 12. Bh4 g5 13. Bg3 d6 14. Qd2 Nh7 15.
h4 g4 16. Ng1 Kg7 17. f4 Nf6 18. h5 Nd4 19. Bh4 Qe8 20. Bxf6+ Kxf6 21. Nd5+ 1-0

[Event "26th open TETEVEN"]
[Site "Teteven"]
[Date "2011.08.18"]
[Round "6.35"]
[White "Simov, Zahari"]
[Black "Valev, Dimitar"]
[Result "0-1"]
[WhiteElo "1651"]
[BlackElo "1890"]
[PlyCount "60"]
[EventDate "2011.08.??"]
[EventType "swiss"]
[EventRounds "9"]
[EventCountry "BUL"]

1. d4 d5 2. c4 e6 3. e3 c5 4. Nf3 Nc6 5. Be2 Nf6 6. a3 a6 7. O-O Be7 8. Nc3 O-O
9. Rb1 dxc4 10. Bxc4 b5 11. Be2 Nd5 12. Ne4 c4 13. Bd2 f5 14. Nc3 Bb7 15. Nxd5
Qxd5 16. Ne1 e5 17. dxe5 Nxe5 18. Bc3 Qe6 19. f3 Rad8 20. Bd4 Nc6 21. f4 Nxd4
22. exd4 Qe3+ 23. Rf2 Rxd4 24. Qc1 Qe6 25. Bf3 Be4 26. Qe3 Qd5 27. Rc1 Bc5 28.
Kh1 Rd8 29. Rf1 Bxf3 30. Qxf3 Rd2 0-1

[Event "26th open TETEVEN"]
[Site "Teteven"]
[Date "2011.08.18"]
[Round "6.36"]
[White "Kovachev, Radoslav"]
[Black "Atanasov, Stojan"]
[Result "0-1"]
[WhiteElo "1616"]
[BlackElo "1844"]
[PlyCount "36"]
[EventDate "2011.08.??"]
[EventType "swiss"]
[EventRounds "9"]
[EventCountry "BUL"]

1. e4 g6 2. Nc3 Bg7 3. g3 d6 4. Bg2 e5 5. Nge2 Ne7 6. O-O O-O 7. d3 Be6 8. Bg5
h6 9. Bd2 Nd7 10. Qc1 Kh7 11. f4 c6 12. h3 f5 13. b3 Rc8 14. d4 Qc7 15. d5 cxd5
16. exd5 Bg8 17. Qe1 exf4 18. Nb5 Qb6+ 0-1

[Event "26th open TETEVEN"]
[Site "Teteven"]
[Date "2011.08.19"]
[Round "7.1"]
[White "Petkov, Vladimir"]
[Black "Ivanov, Stojan Lubomirov"]
[Result "1-0"]
[WhiteElo "2490"]
[BlackElo "2247"]
[PlyCount "120"]
[EventDate "2011.08.??"]
[EventType "swiss"]
[EventRounds "9"]
[EventCountry "BUL"]

1. d4 Nf6 2. c4 b6 3. Nf3 Bb7 4. Nc3 e6 5. a3 d5 6. cxd5 exd5 7. Bg5 Be7 8.
Qa4+ c6 9. e3 Nbd7 10. Bd3 O-O 11. O-O h6 12. Bh4 Ne4 13. Bxe7 Qxe7 14. Rac1 c5
15. Ba6 Ndf6 16. Ne5 Rfc8 17. Ne2 Nd6 18. Bd3 Qe8 19. Qd1 Nd7 20. Nxd7 Qxd7 21.
Ng3 Qe7 22. Qf3 Qg5 23. Ne2 Ne4 24. Rfd1 Re8 25. dxc5 bxc5 26. Qf4 Rac8 27. h4
Qe7 28. Bxe4 Qxe4 29. Qxe4 Rxe4 30. Ng3 Re6 31. b4 c4 32. Rd4 c3 33. Ne2 Ra6
34. Rxc3 Rxc3 35. Nxc3 Rxa3 36. Nxd5 a5 37. Ne7+ Kh7 38. Rd7 Be4 39. f3 Bc2 40.
bxa5 Rxa5 41. Nd5 Ba4 42. Rd6 Bb3 43. Nf4 g5 44. Nh5 gxh4 45. Nf4 Ra1+ 46. Kh2
Re1 47. e4 Bc2 48. Rd7 Kg8 49. Nd5 Kg7 50. Rb7 Kg6 51. Ne7+ Kg5 52. Rb5+ Kf6
53. Nf5 Ba4 54. Rb6+ Kg5 55. Nxh6 f6 56. Nf7+ Kg6 57. Ne5+ Kg5 58. f4+ Kh5 59.
Rxf6 Rxe4 60. Rf8 Kh6 {...} 1-0

[Event "26th open TETEVEN"]
[Site "Teteven"]
[Date "2011.08.19"]
[Round "7.2"]
[White "Enchev, Ivajlo"]
[Black "Andreev, Stanislav"]
[Result "1/2-1/2"]
[WhiteElo "2435"]
[BlackElo "2154"]
[PlyCount "68"]
[EventDate "2011.08.??"]
[EventType "swiss"]
[EventRounds "9"]
[EventCountry "BUL"]

1. d4 d5 2. c4 c6 3. Nc3 Nf6 4. Nf3 dxc4 5. a4 Bf5 6. e3 e6 7. Bxc4 Bb4 8. O-O
O-O 9. Qe2 Nbd7 10. e4 Bg6 11. Bd3 h6 12. Bf4 Re8 13. Rfd1 a6 14. h3 Rc8 15.
Na2 Bf8 16. b4 a5 17. Ne5 Nxe5 18. dxe5 Nd7 19. bxa5 Qxa5 20. Qe1 Qc7 21. Qc3
f6 22. Rab1 Nxe5 23. Bxe5 fxe5 24. a5 Ra8 25. Rb6 Ra7 26. Rdb1 Qe7 27. a6 bxa6
28. Rxc6 Qf6 29. Rbb6 Qf4 30. Qe1 a5 31. Bc4 Qxe4 32. Qxe4 Bxe4 33. Rxe6 Rxe6
34. Rxe6 Kh7 1/2-1/2

[Event "26th open TETEVEN"]
[Site "Teteven"]
[Date "2011.08.19"]
[Round "7.3"]
[White "Nikolov, Sasho"]
[Black "Kozhuharov, Spas"]
[Result "0-1"]
[WhiteElo "2412"]
[BlackElo "2431"]
[PlyCount "126"]
[EventDate "2011.08.??"]
[EventType "swiss"]
[EventRounds "9"]
[EventCountry "BUL"]

1. d4 d5 2. Nf3 Nf6 3. c4 dxc4 4. e3 e6 5. Bxc4 c5 6. O-O Nc6 7. Qe2 cxd4 8.
Rd1 Be7 9. exd4 O-O 10. Nc3 Na5 11. Bd3 b6 12. Ne5 Bb7 13. Bg5 Rc8 14. Rac1 Nd5
15. Qh5 f5 16. h4 Bxg5 17. Qxg5 Qxg5 18. hxg5 Nf4 19. Bf1 Nc6 20. Nb5 Nxe5 21.
dxe5 Rxc1 22. Rxc1 Bxg2 23. Rc7 Bxf1 24. Kxf1 Rd8 25. Nd6 Nd3 26. b3 Nxe5 27.
Nc8 Rd7 28. Rxa7 Rxa7 29. Nxa7 Kf7 30. Nc8 Nd7 31. b4 e5 32. a4 Kg6 33. Nd6
Kxg5 34. Nb7 h5 35. a5 bxa5 36. bxa5 Nb8 37. Nc5 Nc6 38. a6 e4 39. Kg2 Kf6 40.
Nd7+ Ke6 41. Nf8+ Ke5 42. Ng6+ Kf6 43. Nf4 h4 44. Nd5+ Kf7 45. f4 exf3+ 46.
Kxf3 g5 47. Ne3 Ke6 48. Kf2 h3 49. Nc2 Ke5 50. Nb4 Na7 51. Kg3 g4 52. Nd3+ Ke4
53. Nc5+ Ke3 54. Ne6 Nb5 55. Nf4 Na7 56. Nd5+ Kd4 57. Nf4 Ke4 58. Nh5 Ke5 59.
Nf4 Kd6 60. Nd3 Kc7 61. Kf4 Nc6 62. Nf2 Ne7 63. Nh1 Kb6 0-1

[Event "26th open TETEVEN"]
[Site "Teteven"]
[Date "2011.08.19"]
[Round "7.4"]
[White "Kirov, Dimitar"]
[Black "Pantev, Veselin"]
[Result "0-1"]
[WhiteElo "2123"]
[BlackElo "2377"]
[PlyCount "108"]
[EventDate "2011.08.??"]
[EventType "swiss"]
[EventRounds "9"]
[EventCountry "BUL"]

1. e4 c6 2. d4 d5 3. Nc3 dxe4 4. Nxe4 Nf6 5. Nxf6+ exf6 6. Be2 Bd6 7. Nf3 O-O
8. O-O Bg4 9. h3 Bh5 10. Nh4 Bg6 11. c4 Nd7 12. c5 Bc7 13. Bf3 f5 14. Nxg6 hxg6
15. b4 Qh4 16. g3 Qxh3 17. Bg2 Qh7 18. b5 Nf6 19. Bf3 f4 20. Kg2 g5 21. g4 Nd5
22. Bd2 Qd3 23. Bc1 Qxd1 24. Rxd1 Rfd8 25. a4 Ba5 26. Bb2 g6 27. Rac1 Kg7 28.
Rc2 f6 29. Re2 Kf7 30. Rh1 Rh8 31. Rxh8 Rxh8 32. Rc2 Rd8 33. Rc1 Bb4 34. Rb1 a5
35. bxa6 bxa6 36. Rh1 Kg7 37. Rc1 a5 38. Rc2 Kf7 39. Bc1 Ke6 40. Re2+ Kd7 41.
Bb2 Rf8 42. Rc2 Re8 43. Rc1 Rb8 44. Be4 Ne7 45. Rd1 f5 46. Bf3 Nd5 47. Rc1 Rh8
48. Rh1 Rxh1 49. Kxh1 Nf6 50. gxf5 gxf5 51. Kg2 g4 52. Bd1 f3+ 53. Kg3 Bd2 54.
Bc2 Ne4+ 0-1

[Event "26th open TETEVEN"]
[Site "Teteven"]
[Date "2011.08.19"]
[Round "7.5"]
[White "Galunov, Todor"]
[Black "Petrov, Vladimir Sergeev"]
[Result "1/2-1/2"]
[WhiteElo "2327"]
[BlackElo "1793"]
[PlyCount "68"]
[EventDate "2011.08.??"]
[EventType "swiss"]
[EventRounds "9"]
[EventCountry "BUL"]

1. Nf3 Nf6 2. g3 d5 3. Bg2 c6 4. c4 Bg4 5. cxd5 cxd5 6. Ne5 Bf5 7. Qa4+ Nbd7 8.
Nc3 e6 9. g4 Bg6 10. h4 Bd6 11. d4 h5 12. Nxg6 fxg6 13. g5 Ng4 14. Qc2 O-O 15.
Qxg6 Rxf2 16. Qxe6+ Kh8 17. Qxd6 Rxg2 18. Qxd5 Rf2 19. Ne4 Rf8 20. g6 Ndf6 21.
Nxf6 Nxf6 22. Qxd8 Raxd8 23. Bg5 Rxd4 24. O-O Rg4+ 25. Kh1 Re8 26. Rf4 Rxf4 27.
Bxf4 Rxe2 28. Rc1 Rxb2 29. Rc7 Rxa2 30. Rxb7 Ra6 31. Be3 Ng8 32. Rb5 Rxg6 33.
Rxh5+ Nh6 34. Bxa7 Kg8 1/2-1/2

[Event "26th open TETEVEN"]
[Site "Teteven"]
[Date "2011.08.19"]
[Round "7.6"]
[White "Daskalov, Dimitar"]
[Black "Ivanov, Borislav"]
[Result "1-0"]
[WhiteElo "2035"]
[BlackElo "2201"]
[PlyCount "97"]
[EventDate "2011.08.??"]
[EventType "swiss"]
[EventRounds "9"]
[EventCountry "BUL"]

1. e4 c6 2. Nc3 d5 3. Nf3 Bg4 4. h3 Bh5 5. exd5 cxd5 6. Bb5+ Nc6 7. g4 Bg6 8.
Ne5 Rc8 9. d4 e6 10. h4 f6 11. Nxg6 hxg6 12. Qd3 Kf7 13. Bxc6 Rxc6 14. Bd2 Bb4
15. O-O-O Ne7 16. Kb1 Bxc3 17. Bxc3 Qb6 18. f4 Rhc8 19. Ka1 Qa6 20. Qg3 b5 21.
h5 b4 22. Bxb4 Rxc2 23. Bxe7 Kxe7 24. hxg6 Qc4 25. Qa3+ Kd7 26. b3 Qc3+ 27. Kb1
a6 28. Rh7 Rg8 29. Qa4+ Kc7 30. Qa3 Kb7 31. Qe7+ Ka8 32. Qa3 a5 33. Rh3 Qc7 34.
b4 Rb8 35. Rb3 Rb5 36. bxa5 Rxb3+ 37. axb3 Qc3 38. Qf8+ Kb7 39. Qe7+ Ka8 40.
Qe8+ Kb7 41. Qe7+ Ka8 42. Qf8+ Kb7 43. Qa3 Rh2 44. a6+ Kb6 45. Qd6+ Kb5 46.
Qc5+ Qxc5 47. dxc5 Kxc5 48. Rc1+ Kd6 49. Rc8 1-0

[Event "26th open TETEVEN"]
[Site "Teteven"]
[Date "2011.08.19"]
[Round "7.7"]
[White "Janchev, Petar"]
[Black "Stoyanov, Stojan Slavov"]
[Result "1/2-1/2"]
[WhiteElo "2140"]
[BlackElo "2098"]
[PlyCount "42"]
[EventDate "2011.08.??"]
[EventType "swiss"]
[EventRounds "9"]
[EventCountry "BUL"]

1. e4 c5 2. Nf3 Nc6 3. Bb5 g6 4. O-O Bg7 5. Bxc6 bxc6 6. Nc3 d5 7. Qe2 d4 8.
Nb1 Nf6 9. d3 O-O 10. h3 Qc7 11. Na3 Ba6 12. Bd2 Rab8 13. b3 e6 14. Rae1 e5 15.
Rd1 Nd7 16. Nc4 Bxc4 17. dxc4 a5 18. a4 Ra8 19. Ne1 f5 20. f3 Qd8 21. Nd3 f4
1/2-1/2

[Event "26th open TETEVEN"]
[Site "Teteven"]
[Date "2011.08.19"]
[Round "7.8"]
[White "Andreev, Krasimir"]
[Black "Bratanov, Zsivko"]
[Result "0-1"]
[WhiteElo "1990"]
[BlackElo "2457"]
[PlyCount "60"]
[EventDate "2011.08.??"]
[EventType "swiss"]
[EventRounds "9"]
[EventCountry "BUL"]

1. e4 g6 2. d4 Bg7 3. c3 d5 4. e5 c5 5. Bb5+ Bd7 6. Bxd7+ Qxd7 7. Ne2 Nc6 8.
O-O h5 9. Re1 Nh6 10. Bxh6 Bxh6 11. Nd2 e6 12. Nb3 b6 13. dxc5 Nxe5 14. cxb6
axb6 15. Qd4 Bg7 16. Qxb6 Nc4 17. Qb4 Bf8 18. Nc5 Qc6 19. Qb7 Qxb7 20. Nxb7 Ra7
21. Nf4 Kd7 22. b3 Na3 23. Rad1 Rxb7 24. c4 Bd6 25. Nd3 Nc2 26. Re2 Nd4 27.
Red2 dxc4 28. bxc4 Ke7 29. c5 Bc7 30. Nf4 Rd8 0-1

[Event "26th open TETEVEN"]
[Site "Teteven"]
[Date "2011.08.19"]
[Round "7.9"]
[White "Daskalov, Emil"]
[Black "Todorov, Ognjan"]
[Result "0-1"]
[WhiteElo "1951"]
[BlackElo "2308"]
[PlyCount "76"]
[EventDate "2011.08.??"]
[EventType "swiss"]
[EventRounds "9"]
[EventCountry "BUL"]

1. d4 Nf6 2. Nf3 g6 3. c3 Bg7 4. Nbd2 O-O 5. e4 d6 6. Bd3 c5 7. O-O cxd4 8.
Nxd4 Nc6 9. N2f3 Nd7 10. Re1 Nc5 11. Bc2 Bd7 12. Be3 Rc8 13. Qe2 Qc7 14. Rad1
Qb8 15. Nb3 Na4 16. Bc1 Bg4 17. h3 Bxf3 18. Qxf3 b5 19. Nd2 {Diagram #} Nd4 20.
cxd4 Rxc2 21. Qb3 Rfc8 22. Nf3 Qb6 23. e5 dxe5 24. Nxe5 Bxe5 25. Rxe5 Rxc1 26.
Rxe7 Qf6 27. Re8+ Rxe8 28. Rxc1 Re2 29. Qg3 Nxb2 30. d5 Nc4 31. Qb8+ Kg7 32.
Qxa7 Nb6 33. Rf1 Nxd5 34. Qc5 Nf4 35. Qxb5 Rxa2 36. Kh2 h5 37. Qc4 Rd2 38. g3
Nd3 0-1

[Event "26th open TETEVEN"]
[Site "Teteven"]
[Date "2011.08.19"]
[Round "7.10"]
[White "Yankov, Kristian"]
[Black "Mladenov, Emil"]
[Result "0-1"]
[WhiteElo "1867"]
[BlackElo "2139"]
[PlyCount "92"]
[EventDate "2011.08.??"]
[EventType "swiss"]
[EventRounds "9"]
[EventCountry "BUL"]

1. d4 d6 2. Nf3 g6 3. c4 Bg7 4. e4 e5 5. dxe5 dxe5 6. Qxd8+ Kxd8 7. Nc3 c6 8.
Be3 f6 9. O-O-O+ Nd7 10. Nd2 Bh6 11. Bxh6 Nxh6 12. Be2 Ke7 13. f3 Nf7 14. b4
Nf8 15. c5 a5 16. a3 Ne6 17. Kb2 Nd4 18. Bc4 Ng5 19. Ne2 Nxe2 20. Bxe2 axb4 21.
axb4 Ra4 22. Kb3 Be6+ 23. Bc4 Rha8 24. Bxe6 Nxe6 25. Nc4 Nd4+ 26. Kc3 Ra2 27.
Rd2 Rxd2 28. Nxd2 Ra3+ 29. Kb2 Rd3 30. Rd1 f5 31. exf5 gxf5 32. Kc1 Ke6 33. h3
h5 34. Re1 h4 35. Kd1 Kd5 36. Kc1 Rc3+ 37. Kd1 Rc2 38. Re3 Ra2 39. Kc1 Ra4 40.
Nb1 Rxb4 41. Nc3+ Kxc5 42. Rxe5+ Kc4 43. Nb1 Kd3 44. Nd2 Ne2+ 45. Kd1 Nd4 46.
Rc5 Rb2 0-1

[Event "26th open TETEVEN"]
[Site "Teteven"]
[Date "2011.08.19"]
[Round "7.11"]
[White "Monev, Alexander"]
[Black "Galunova, Tsveta"]
[Result "0-1"]
[WhiteElo "2135"]
[BlackElo "1977"]
[PlyCount "104"]
[EventDate "2011.08.??"]
[EventType "swiss"]
[EventRounds "9"]
[EventCountry "BUL"]

1. e4 e5 2. Nf3 Nc6 3. Bb5 Nf6 4. O-O Bc5 5. c3 O-O 6. d4 Bb6 7. Re1 d6 8. h3
Qe7 9. Bg5 Nb8 10. Nbd2 c6 11. Bd3 Rd8 12. Nc4 Bc7 13. Qe2 h6 14. Bh4 g5 15.
dxe5 dxe5 16. Bg3 Nbd7 17. b4 Nh5 18. Bh2 Nf4 19. Bxf4 gxf4 20. Kh1 Nf8 21. Bc2
Ng6 22. Ncd2 Kh7 23. a4 a5 24. Rab1 Rg8 25. Bb3 Nh4 26. Nxh4 Qxh4 27. Nf3 Qh5
28. Nh2 Qg6 29. Rg1 Bb6 30. Qf3 axb4 31. cxb4 Be6 32. g3 Bxb3 33. gxf4 Qe6 34.
f5 Qc4 35. Rgc1 Bc2 36. Rb2 Bxf2 37. Ng4 Bxe4 38. Rxc4 Bxf3+ 39. Kh2 Bxg4 40.
Rxf2 Bd1 41. f6 Rxa4 42. Re4 Rg5 43. h4 Rg4 44. Rxe5 Raxb4 45. Re7 Rxh4+ 46.
Kg1 Rbg4+ 47. Rg2 Rxg2+ 48. Kxg2 Kg6 49. Rxb7 Kxf6 50. Kg3 Rg4+ 51. Kh3 Rg5 52.
Rb1 Bg4+ 0-1

[Event "26th open TETEVEN"]
[Site "Teteven"]
[Date "2011.08.19"]
[Round "7.12"]
[White "Dzanev, Georgi"]
[Black "Krastev, Krasimir"]
[Result "1-0"]
[WhiteElo "2109"]
[BlackElo "1949"]
[PlyCount "65"]
[EventDate "2011.08.??"]
[EventType "swiss"]
[EventRounds "9"]
[EventCountry "BUL"]

1. d4 g6 2. c4 Bg7 3. Nc3 d6 4. e4 Nf6 5. f3 Nc6 6. Nge2 e5 7. d5 Ne7 8. Be3 c6
9. Qd2 cxd5 10. cxd5 O-O 11. g4 h5 12. h3 Kh7 13. Ng3 Bd7 14. Bd3 Qa5 15. Nb5
Qxd2+ 16. Kxd2 Bxb5 17. Bxb5 a6 18. Bd3 Rac8 19. Rac1 h4 20. Ne2 Nd7 21. Rxc8
Rxc8 22. Rc1 Rxc1 23. Nxc1 b5 24. Nb3 Nc8 25. Kc3 Bf6 26. Kb4 Bd8 27. a4 bxa4
28. Kxa4 Bb6 29. Bg5 Bf2 30. Bxa6 Ncb6+ 31. Kb5 f6 32. Bd2 Nb8 33. Bb7 1-0